Central Library OPAC University of Rajshahi

Physics and astronomy of the moon / (Record no. 8376)

MARC details
000 -LEADER
fixed length control field 00709cam a22002411 4500
001 - CONTROL NUMBER
control field 8376
003 - CONTROL NUMBER IDENTIFIER
rucl marc code BD-RjUL
005 - DATE AND TIME OF LATEST TRANSACTION
control field 20211208234558.0
008 - FIXED-LENGTH DATA ELEMENTS--GENERAL INFORMATION
fixed length control field 140118r19621961nyua b 001 0 eng
035 ## - SYSTEM CONTROL NUMBER
System control number (BD-RjUL)8421
040 ## - CATALOGING SOURCE
Original cataloging agency DLC/ICU
Transcribing agency ICU
Modifying agency BD-RjUL
Language of cataloging eng
041 ## - LANGUAGE CODE
Language code of text/sound track or separate title eng
082 00 - DEWEY DECIMAL CLASSIFICATION NUMBER
Classification number 523.3
Author mark and year PHY 1962
245 00 - TITLE STATEMENT
Title Physics and astronomy of the moon /
Statement of responsibility, etc. Zdenĕk Kopal.
260 ## - PUBLICATION, DISTRIBUTION, ETC. (IMPRINT)
Place of publication, distribution, etc. New York :
Name of publisher, distributor, etc. Academic Press,
Date of publication, distribution, etc. c1962 [Reprinted 1962].
300 ## - PHYSICAL DESCRIPTION
Pagination xv, 538 p. :
Illustrations illus., diagrs., tables. ;
Size 24 cm.
504 ## - BIBLIOGRAPHY, ETC. NOTE
Bibliography, etc Includes bibliographies and index.
651 #0 - SUBJECT ADDED ENTRY--GEOGRAPHIC NAME
Geographic name Moon.
9 (RLIN) 26089
700 1# - ADDED ENTRY--PERSONAL NAME
Personal name Kopal, Zdenĕk,
Dates associated with a name 1914-1993.
942 ## - ADDED ENTRY ELEMENTS (KOHA)
Source of classification or shelving scheme Dewey Decimal Classification
Koha item type Books
Holdings
Lost status Source of classification or shelving scheme Damaged status Not for loan Collection code Permanent Location Current Location Shelving location Date acquired Source of acquisition Cost, normal purchase price Total Checkouts Full call number Date last seen Copy number Koha item type
  Dewey Decimal Classification   Not For Loan Non-fiction Central Library, University of Rajshahi Central Library, University of Rajshahi   18/12/1963 Zitlinger 132.00   523.3 PHY 1962 18/01/2014 C-1 Books